00421nam a2200121Ia 4500008004100000245007300041245002200114260000900136650001400145856004800159999001900207952007300226171211s9999 xx 000 0 und d 4aThe Law and Economics of Corporate Governance: Changing Perspectives cAlessio M. Pacces c2010 xECONOMICS uhttp://down.ebook777.com/062/184844897X.pdf c349586d349586 001040aCLbCLd2017-12-11l0r2017-12-11 00:00:00w2017-12-11yCBE